|
|
|
|
| LEADER |
00000cam a2200000 a 4500 |
| 001 |
vtls001067152 |
| 003 |
SK-MaSNL |
| 005 |
20260301193417.0 |
| 008 |
240226s1990 xo oal frnp 000 0 slo |
| 015 |
|
|
|a SNBA1990/03
|
| 020 |
|
|
|a 8085175762
|q (brožované)
|
| 035 |
|
|
|a SNK000009982
|
| 035 |
|
|
|a urn:nbn:sk:snk-amlmm1
|
| 035 |
|
|
|a urn:nbn:sk:snk-am00bx7c
|
| 035 |
|
|
|a 59419E14-04D4-40D0-979C-44E53BAFCE0D
|
| 040 |
|
|
|a SNK
|b slo
|c SNK
|e AACR2
|
| 041 |
0 |
|
|a slo
|
| 044 |
|
|
|a xo
|c SK
|
| 072 |
|
7 |
|a 58
|x Botanika
|2 konspekt
|
| 072 |
|
7 |
|a 37.016
|x Učebné osnovy. Vyučovacie predmety. Učebnice
|2 konspekt
|
| 080 |
|
|
|a 582
|2 2011
|
| 080 |
|
|
|a 577.1:581.1
|2 2011
|
| 080 |
|
|
|a (075.8)
|2 2011
|
| 100 |
1 |
|
|a Michalík, Ivan,
|d 1936-
|4 aut
|9 107045
|
| 245 |
1 |
0 |
|a Biochémia rastlín
|c I. Michalík
|
| 250 |
|
|
|a 2. preprac. vyd.
|
| 260 |
|
|
|a V Nitre
|b Vysoká škola poľnohospodárska
|c 1990
|
| 300 |
|
|
|a 280 strán
|b fotografie, ilustrácie, schémy
|c 30 cm
|
| 366 |
|
|
|e 400 kusov
|
| 500 |
|
|
|a Vydala Vysoká škola poľnohospodárska v Nitre, Agronomická fakulta, Katedra biochémie a rádiobiológie
|
| 504 |
|
|
|a Bibliografia na strane 280
|
| 521 |
|
|
|a Určené pre AF, študijný odbor FYTO
|
| 650 |
0 |
7 |
|a biochémia rastlín
|2 SNKPH
|9 236547
|
| 650 |
0 |
7 |
|a rastliny
|2 SNKPH
|9 690
|
| 655 |
|
7 |
|a učebnice vysokých škôl
|2 SNKPH
|9 70191
|
| 710 |
2 |
|
|a Vysoká škola poľnohospodárska v Nitre.
|b Agronomická fakulta.
|b Katedra biochémie a rádiobiológie
|4 pbl
|9 221731
|
| 752 |
|
|
|a Slovensko
|d Nitra
|
| 852 |
|
|
|a Slovenská národná knižnica
|
| 919 |
|
|
|a 80-85175-76-2
|
| 954 |
|
|
|a odborná, vedecká literatúra pôvodná (slovenská)
|2 lita
|
| 958 |
|
|
|a RK
|
| 958 |
|
|
|a TL
|
| 958 |
|
|
|a NB
|
| 958 |
|
|
|a OND
|
| 958 |
|
|
|a UV
|
| 999 |
|
|
|c 877147
|d 879077
|
| 952 |
|
|
|a SNK
|b SNK
|y VYP
|7 0
|p 17A0015431
|o snkSB 48970 D1
|0 0
|1 0
|4 0
|d 1996-10-22
|l 0
|r 2004-12-31 00:00:00
|w 2026-02-24
|
| 952 |
|
|
|a SNK
|b SNK
|y PREZ
|7 0
|p 17A0799742
|o snkSB 48970
|i snkKSP 1473/92
|0 0
|1 0
|4 0
|d 2012-07-12
|f 1
|l 0
|r 2026-02-24 06:02:59
|w 2026-02-24
|